000 00304nam a2200121Ia 4500
008 240624s9999 xx 000 0 und d
041 _aeng
082 _a658.4034 SWA
100 _aSWARUP KANTI
245 _aOPERATIONS RESEARCH
260 _c2006
_aNew Delhi
_bS. Chand
300 _axv, : 813 : p. : cm. ; 24
999 _c4193
_d4193